000
00207nam a22000857a 4500
008
161216b xxu||||| |||| 00| 0 eng d
100
_9
2084
_a
Gupta.R.G.
245
_a
Mathematics-2
260
_a
New Delhi
_b
APC
_c
2009
999
_c
4961
_d
4961